<?xml version='1.0' encoding='UTF-8'?>
  <record xmlns="http://www.loc.gov/MARC21/slim">
    <leader>00000cam a22000007i 4500</leader>
    <controlfield tag="001">ocm65140970</controlfield>
    <controlfield tag="003">OCoLC</controlfield>
    <controlfield tag="005">20241217022728.6</controlfield>
    <controlfield tag="008">900103s1698    ne            000 0 dut d</controlfield>
    <datafield tag="040" ind1=" " ind2=" ">
      <subfield code="a">NLGGC</subfield>
      <subfield code="b">dut</subfield>
      <subfield code="e">fobidrtb</subfield>
      <subfield code="c">NLGGC</subfield>
      <subfield code="d">OCLCO</subfield>
      <subfield code="d">OCLCL</subfield>
      <subfield code="d">OCLCQ</subfield>
    </datafield>
    <datafield tag="029" ind1="0" ind2=" ">
      <subfield code="a">NLGGC</subfield>
      <subfield code="b">059029102</subfield>
    </datafield>
    <datafield tag="035" ind1=" " ind2=" ">
      <subfield code="a">(OCoLC)65140970</subfield>
    </datafield>
    <datafield tag="100" ind1="1" ind2=" ">
      <subfield code="a">Valentyn, François,</subfield>
      <subfield code="c">reiziger,</subfield>
      <subfield code="d">1666-1727.</subfield>
      <subfield code="1">https://id.oclc.org/worldcat/entity/E39PBJfmkGcXww69H39vHj86Kd</subfield>
    </datafield>
    <datafield tag="245" ind1="1" ind2="0">
      <subfield code="a">Deure der waarhijd voor 't ooge der Christenwereld geopend, waar door klaar te sien is, wat tale voor alle Malijtse Christenen in Oost-Indiën van gebruik en alleen van dienst zij ... :</subfield>
      <subfield code="b">alles vertoond bij een volslage apologie en antwoord op een extract van sekere missive, die van den eerw. kerken-raad van Batavia aan de Christelijke synodus van N. Holland, ... 1697 geschreven ... is ... /</subfield>
      <subfield code="c">door François Valentijn.</subfield>
    </datafield>
    <datafield tag="260" ind1=" " ind2=" ">
      <subfield code="a">Tot Dordregt :</subfield>
      <subfield code="b">by Cornelis Willegaarts,</subfield>
      <subfield code="c">1698.</subfield>
    </datafield>
    <datafield tag="300" ind1=" " ind2=" ">
      <subfield code="a">.. p. ;</subfield>
      <subfield code="c">in-4.</subfield>
    </datafield>
    <datafield tag="336" ind1=" " ind2=" ">
      <subfield code="a">tekst</subfield>
      <subfield code="b">txt</subfield>
      <subfield code="2">rdacontent/dut</subfield>
    </datafield>
    <datafield tag="337" ind1=" " ind2=" ">
      <subfield code="a">zonder medium</subfield>
      <subfield code="b">n</subfield>
      <subfield code="2">rdamedia/dut</subfield>
    </datafield>
    <datafield tag="338" ind1=" " ind2=" ">
      <subfield code="a">band</subfield>
      <subfield code="b">nc</subfield>
      <subfield code="2">rdacarrier/dut</subfield>
    </datafield>
    <datafield tag="500" ind1=" " ind2=" ">
      <subfield code="a">Afschrift in machineschrift.</subfield>
    </datafield>
    <datafield tag="700" ind1="1" ind2=" ">
      <subfield code="a">Willegaerts, Cornelis</subfield>
      <subfield code="c">Dordrecht.</subfield>
      <subfield code="4">prt</subfield>
      <subfield code="0">(NL-LeOCL)091462622</subfield>
    </datafield>
    <datafield tag="776" ind1="0" ind2=" ">
      <subfield code="t">Deure der waarhijd voor 't ooge der Christenwereld geopend, waar door klaar te sien is, wat tale voor alle Malijtse Christenen in Oost-Indiën van gebruik en alleen van dienst zij ...</subfield>
      <subfield code="w">(NL-LeOCL)431521905</subfield>
    </datafield>
    <datafield tag="856" ind1="4" ind2="2">
      <subfield code="y">Short Title Catalogue, Netherlands</subfield>
      <subfield code="u">http://resolver.kb.nl/resolve?urn=STCN:832184926:record</subfield>
      <subfield code="z">zie de oorspronkelijke beschrijving bij de STCN voor mogelijk overige vindplaatsen</subfield>
      <subfield code="7">0</subfield>
    </datafield>
    <datafield tag="936" ind1=" " ind2=" ">
      <subfield code="a">BATCHLOAD</subfield>
    </datafield>
  </record>